000 00407nam a2200169Ia 4500
003 OSt
005 20240304114911.0
008 170619s9999 xx 000 0 und d
020 _a9788120324022
040 _cIIMT ENGINEERING COLLEGE
100 _aRajaraman V
245 0 _aIntroduction to Information Technology
260 _bNew Delhi: PHI
260 _c2003
546 _aENGLISH
942 _2ddc
_c02
999 _c17745
_d17745